[Event "DVM U12 2023"]
[Site "Magdeburg GER"]
[Date "2023.12.28"]
[Round "3"]
[White "Fuchs, Jakob"]
[Black "Maier, Kalle"]
[Result "0-1"]
[Termination "normal"]
[Board "9.2"]
[WhiteElo "1155"]
[BlackElo "1436"]
[WhiteClock "00:48:26"]
[BlackClock "00:04:40"]
[WhiteTeam "Schachzwerge Magdeburg"]
[BlackTeam "Karlsruher SF 1853"]
[PlyCount "101"]
[WhiteFideId "34684751"]
[BlackFideId "34669604"]
[EventCountry "GER"]
[EventRounds "7"]
[EventType "team-swiss"]
[EventDate "2023.12.26"]

1. e4 {[%clk 01:30:52]} {[%emt 00:00:07]} c5 {[%clk 01:30:55]} {[%emt
00:00:06]} 2. Nf3 {[%clk 01:31:20]} {[%emt 00:00:02]} d6 {[%clk 01:31:14]}
{[%emt 00:00:11]} 3. d4 {[%clk 01:31:34]} {[%emt 00:00:16]} cxd4 {[%clk
01:31:39]} {[%emt 00:00:05]} 4. Nxd4 {[%clk 01:31:07]} {[%emt 00:00:57]} Nf6
{[%clk 01:31:56]} {[%emt 00:00:13]} 5. Nc3 {[%clk 01:31:30]} {[%emt 00:00:07]}
a6 {[%clk 01:32:08]} {[%emt 00:00:18]} 6. Bd3 {[%clk 01:31:16]} {[%emt
00:00:44]} e6 {[%clk 01:31:42]} {[%emt 00:00:56]} 7. Bg5 {[%clk 01:30:28]}
{[%emt 00:01:18]} Be7 {[%clk 01:31:12]} {[%emt 00:00:59]} 8. Qd2 {[%clk
01:30:19]} {[%emt 00:00:40]} Bd7 {[%clk 01:30:17]} {[%emt 00:01:24]} 9. O-O-O
{[%clk 01:28:54]} {[%emt 00:01:55]} O-O {[%clk 01:29:33]} {[%emt 00:01:14]} 10.
Rde1 {[%clk 01:27:43]} {[%emt 00:01:41]} Nc6 {[%clk 01:22:21]} {[%emt
00:07:42]} 11. Nf3 {[%clk 01:26:29]} {[%emt 00:01:44]} b5 {[%clk 01:18:48]}
{[%emt 00:04:03]} 12. a3 {[%clk 01:24:21]} {[%emt 00:02:37]} Qc7 {[%clk
01:10:55]} {[%emt 00:08:22]} 13. h4 {[%clk 01:22:43]} {[%emt 00:02:09]} Rfb8
{[%clk 01:04:37]} {[%emt 00:06:48]} 14. Na2 {[%clk 01:15:33]} {[%emt 00:07:40]}
a5 {[%clk 00:56:18]} {[%emt 00:08:49]} 15. h5 {[%clk 01:08:23]} {[%emt
00:07:40]} b4 {[%clk 00:51:21]} {[%emt 00:05:26]} 16. a4 {[%clk 01:04:34]}
{[%emt 00:04:19]} b3 {[%clk 00:48:22]} {[%emt 00:03:29]} 17. Nc3 {[%clk
01:03:17]} {[%emt 00:01:48]} bxc2 {[%clk 00:46:48]} {[%emt 00:02:04]} 18. Bxc2
{[%clk 01:03:27]} {[%emt 00:00:20]} Qb6 {[%clk 00:39:50]} {[%emt 00:07:28]} 19.
b3 {[%clk 00:58:15]} {[%emt 00:05:43]} Qd8 {[%clk 00:27:19]} {[%emt 00:12:59]}
20. Nb5 {[%clk 00:55:23]} {[%emt 00:03:22]} Ne8 {[%clk 00:22:04]} {[%emt
00:05:47]} 21. Bxe7 {[%clk 00:53:48]} {[%emt 00:02:05]} Qxe7 {[%clk 00:21:52]}
{[%emt 00:00:42]} 22. g4 {[%clk 00:51:35]} {[%emt 00:02:43]} Nb4 {[%clk
00:18:54]} {[%emt 00:03:27]} 23. Bb1 {[%clk 00:51:22]} {[%emt 00:00:43]} Bxb5
{[%clk 00:17:11]} {[%emt 00:02:13]} 24. axb5 {[%clk 00:51:04]} {[%emt
00:00:49]} Rxb5 {[%clk 00:16:31]} {[%emt 00:01:11]} 25. e5 {[%clk 00:49:56]}
{[%emt 00:01:38]} d5 {[%clk 00:15:27]} {[%emt 00:01:33]} 26. Nd4 {[%clk
00:49:33]} {[%emt 00:00:53]} Rc5+ {[%clk 00:14:39]} {[%emt 00:01:18]} 27. Kb2
{[%clk 00:49:23]} {[%emt 00:00:39]} Rac8 {[%clk 00:14:18]} {[%emt 00:00:52]}
28. Rc1 {[%clk 00:49:21]} {[%emt 00:00:32]} Rxc1 {[%clk 00:14:04]} {[%emt
00:00:44]} 29. Rxc1 {[%clk 00:49:43]} {[%emt 00:00:08]} Rxc1 {[%clk 00:14:27]}
{[%emt 00:00:08]} 30. Qxc1 {[%clk 00:50:03]} {[%emt 00:00:10]} Qc7 {[%clk
00:13:53]} {[%emt 00:01:04]} 31. f4 {[%clk 00:49:31]} {[%emt 00:01:03]} Qxc1+
{[%clk 00:13:49]} {[%emt 00:00:35]} 32. Kxc1 {[%clk 00:49:50]} {[%emt
00:00:09]} Nc7 {[%clk 00:12:34]} {[%emt 00:01:46]} 33. Nc2 {[%clk 00:49:11]}
{[%emt 00:01:09]} Nca6 {[%clk 00:10:51]} {[%emt 00:02:12]} 34. Nxb4 {[%clk
00:48:28]} {[%emt 00:01:14]} axb4 {[%clk 00:11:18]} {[%emt 00:00:03]} 35. Bd3
{[%clk 00:48:21]} {[%emt 00:00:37]} Nc5 {[%clk 00:10:33]} {[%emt 00:01:15]} 36.
Kc2 {[%clk 00:48:29]} {[%emt 00:00:21]} h6 {[%clk 00:10:03]} {[%emt 00:01:01]}
37. Be2 {[%clk 00:48:06]} {[%emt 00:00:48]} g6 {[%clk 00:07:37]} {[%emt
00:03:01]} 38. Bd1 {[%clk 00:47:50]} {[%emt 00:00:45]} gxh5 {[%clk 00:06:55]}
{[%emt 00:01:13]} 39. gxh5 {[%clk 00:47:56]} {[%emt 00:00:23]} f6 {[%clk
00:05:44]} {[%emt 00:01:41]} 40. Kd2 {[%clk 00:46:23]} {[%emt 00:02:03]} fxe5
{[%clk 00:04:58]} {[%emt 00:01:16]} 41. fxe5 {[%clk 00:46:44]} {[%emt
00:00:10]} Nd7 {[%clk 00:04:59]} {[%emt 00:00:28]} 42. Bg4 {[%clk 00:46:57]}
{[%emt 00:00:17]} Kf7 {[%clk 00:04:52]} {[%emt 00:00:38]} 43. Ke3 {[%clk
00:46:22]} {[%emt 00:01:05]} Nxe5 {[%clk 00:04:16]} {[%emt 00:01:06]} 44. Kf4
{[%clk 00:46:48]} {[%emt 00:00:05]} Nxg4 {[%clk 00:04:15]} {[%emt 00:00:30]}
45. Kxg4 {[%clk 00:47:07]} {[%emt 00:00:12]} Kf6 {[%clk 00:04:22]} {[%emt
00:00:22]} 46. Kf4 {[%clk 00:47:29]} {[%emt 00:00:08]} e5+ {[%clk 00:04:26]}
{[%emt 00:00:25]} 47. Ke3 {[%clk 00:47:44]} {[%emt 00:00:15]} Kf5 {[%clk
00:04:42]} {[%emt 00:00:15]} 48. Kf3 {[%clk 00:47:47]} {[%emt 00:00:27]} d4
{[%clk 00:04:49]} {[%emt 00:00:23]} 49. Ke2 {[%clk 00:47:50]} {[%emt 00:00:27]}
e4 {[%clk 00:04:33]} {[%emt 00:00:46]} 50. Kd2 {[%clk 00:48:05]} {[%emt
00:00:15]} Kf4 {[%clk 00:04:40]} {[%emt 00:00:24]} 51. Ke2 {[%clk 00:48:26]}
{[%emt 00:00:08]} 0-1

[Event "DVM U12 2023"]
[Site "Magdeburg GER"]
[Date "2023.12.28"]
[Round "3"]
[White "Müller, Maximilian"]
[Black "Seeger, Lennert"]
[Result "0-1"]
[Termination "normal"]
[Board "9.3"]
[WhiteElo "1250"]
[BlackElo "1030"]
[WhiteClock "00:54:00"]
[BlackClock "00:34:56"]
[WhiteTeam "Karlsruher SF 1853"]
[BlackTeam "Schachzwerge Magdeburg"]
[PlyCount "117"]
[WhiteFideId "34640282"]
[BlackFideId "34684760"]
[EventCountry "GER"]
[EventRounds "7"]
[EventType "team-swiss"]
[EventDate "2023.12.26"]

1. e4 {[%clk 01:30:59]} e5 {[%clk 01:30:55]} {[%emt 00:00:06]} 2. Nf3 {[%clk
01:31:25]} {[%emt 00:00:04]} Nc6 {[%clk 01:31:18]} {[%emt 00:00:07]} 3. Bc4
{[%clk 01:31:49]} {[%emt 00:00:05]} Bc5 {[%clk 01:31:33]} {[%emt 00:00:15]} 4.
Nc3 {[%clk 01:32:12]} {[%emt 00:00:07]} d6 {[%clk 01:31:02]} {[%emt 00:01:01]}
5. d3 {[%clk 01:32:31]} {[%emt 00:00:12]} Be6 {[%clk 01:30:33]} {[%emt
00:00:58]} 6. Bb3 {[%clk 01:32:18]} {[%emt 00:00:43]} Nf6 {[%clk 01:29:46]}
{[%emt 00:01:17]} 7. Bg5 {[%clk 01:31:55]} {[%emt 00:00:52]} h6 {[%clk
01:24:17]} {[%emt 00:06:00]} 8. Be3 {[%clk 01:31:11]} {[%emt 00:01:14]} Bb6
{[%clk 01:24:18]} {[%emt 00:00:29]} 9. Qd2 {[%clk 01:30:49]} {[%emt 00:00:52]}
Qd7 {[%clk 01:20:54]} {[%emt 00:03:54]} 10. h3 {[%clk 01:30:18]} {[%emt
00:01:00]} d5 {[%clk 01:13:01]} {[%emt 00:08:24]} 11. exd5 {[%clk 01:29:41]}
{[%emt 00:01:06]} Bxd5 {[%clk 01:12:09]} {[%emt 00:01:22]} 12. Nxd5 {[%clk
01:29:49]} {[%emt 00:00:22]} Nxd5 {[%clk 01:11:57]} {[%emt 00:00:42]} 13. Ba4
{[%clk 01:27:42]} {[%emt 00:02:37]} O-O-O {[%clk 01:09:44]} {[%emt 00:02:43]}
14. Nxe5 {[%clk 01:18:17]} {[%emt 00:09:55]} Qe6 {[%clk 01:07:35]} {[%emt
00:02:39]} 15. Nxc6 {[%clk 01:17:28]} {[%emt 00:01:19]} bxc6 {[%clk 01:07:33]}
{[%emt 00:00:31]} 16. Bb3 {[%clk 01:13:44]} {[%emt 00:04:14]} Bxe3 {[%clk
01:01:14]} {[%emt 00:06:50]} 17. Qxe3 {[%clk 01:09:51]} {[%emt 00:04:23]} Qxe3+
{[%clk 01:00:23]} {[%emt 00:01:21]} 18. fxe3 {[%clk 01:10:19]} {[%emt
00:00:02]} Nxe3 {[%clk 01:00:28]} {[%emt 00:00:25]} 19. Rg1 {[%clk 01:10:21]}
{[%emt 00:00:27]} Rhe8 {[%clk 00:59:22]} {[%emt 00:01:36]} 20. Kd2 {[%clk
01:10:22]} {[%emt 00:00:30]} f5 {[%clk 00:49:54]} {[%emt 00:09:58]} 21. Rae1
{[%clk 01:09:37]} {[%emt 00:01:15]} Nd5 {[%clk 00:49:15]} {[%emt 00:01:09]} 22.
Rgf1 {[%clk 01:06:41]} {[%emt 00:03:26]} g6 {[%clk 00:47:39]} {[%emt 00:02:06]}
23. Bxd5 {[%clk 01:05:34]} {[%emt 00:01:37]} cxd5 {[%clk 00:47:41]} {[%emt
00:00:28]} 24. Rxe8 {[%clk 01:03:20]} {[%emt 00:02:44]} Rxe8 {[%clk 00:47:47]}
{[%emt 00:00:24]} 25. h4 {[%clk 01:03:42]} {[%emt 00:00:08]} Rg8 {[%clk
00:43:50]} {[%emt 00:04:19]} 26. Kc3 {[%clk 01:00:04]} {[%emt 00:04:16]} Kd7
{[%clk 00:43:30]} {[%emt 00:00:50]} 27. Kd4 {[%clk 00:58:45]} {[%emt 00:01:50]}
Kd6 {[%clk 00:41:32]} {[%emt 00:02:28]} 28. h5 {[%clk 00:56:51]} {[%emt
00:02:24]} gxh5 {[%clk 00:41:25]} {[%emt 00:00:37]} 29. Rxf5 {[%clk 00:57:07]}
{[%emt 00:00:14]} Rxg2 {[%clk 00:40:55]} {[%emt 00:01:00]} 30. Kc3 {[%clk
00:56:37]} {[%emt 00:01:00]} Rg5 {[%clk 00:40:16]} {[%emt 00:01:09]} 31. Rf6+
{[%clk 00:56:46]} {[%emt 00:00:21]} Ke5 {[%clk 00:40:18]} {[%emt 00:00:28]} 32.
Rxh6 {[%clk 00:56:59]} {[%emt 00:00:17]} Kf4 {[%clk 00:40:11]} {[%emt
00:00:37]} 33. Rh7 {[%clk 00:56:42]} {[%emt 00:00:47]} c5 {[%clk 00:39:37]}
{[%emt 00:01:05]} 34. Rxa7 {[%clk 00:56:44]} {[%emt 00:00:28]} h4 {[%clk
00:39:49]} {[%emt 00:00:18]} 35. a4 {[%clk 00:54:59]} {[%emt 00:02:15]} h3
{[%clk 00:39:51]} {[%emt 00:00:28]} 36. Rh7 {[%clk 00:54:04]} {[%emt 00:01:25]}
Kg4 {[%clk 00:39:36]} {[%emt 00:00:45]} 37. a5 {[%clk 00:53:56]} {[%emt
00:00:37]} Rh5 {[%clk 00:37:49]} {[%emt 00:02:17]} 38. Rxh5 {[%clk 00:53:44]}
{[%emt 00:00:42]} d4+ {[%clk 00:35:37]} {[%emt 00:02:42]} 39. Kc4 {[%clk
00:53:15]} {[%emt 00:00:59]} Kxh5 {[%clk 00:35:37]} {[%emt 00:00:30]} 40. a6
{[%clk 00:52:56]} {[%emt 00:00:49]} h2 {[%clk 00:35:48]} {[%emt 00:00:19]} 41.
Kxc5 {[%clk 00:52:52]} {[%emt 00:00:34]} h1=Q {[%clk 00:35:49]} {[%emt
00:00:28]} 42. Kb6 {[%clk 00:52:54]} {[%emt 00:02:12]} Qa8 {[%clk 00:35:18]}
{[%emt 00:01:00]} 43. a7 {[%clk 00:52:47]} {[%emt 00:00:37]} Kg5 {[%clk
00:35:31]} {[%emt 00:00:16]} 44. b4 {[%clk 00:52:22]} {[%emt 00:00:56]} Kf5
{[%clk 00:34:15]} {[%emt 00:01:47]} 45. b5 {[%clk 00:52:27]} {[%emt 00:00:25]}
Ke6 {[%clk 00:34:28]} {[%emt 00:00:17]} 46. Ka6 {[%clk 00:52:14]} {[%emt
00:00:42]} Kd7 {[%clk 00:33:56]} {[%emt 00:01:02]} 47. b6 {[%clk 00:51:36]}
{[%emt 00:01:09]} Kc6 {[%clk 00:32:37]} {[%emt 00:01:48]} 48. c4 {[%clk
00:50:46]} {[%emt 00:01:20]} Qb7+ {[%clk 00:32:33]} {[%emt 00:00:34]} 49. Ka5
{[%clk 00:50:57]} {[%emt 00:00:20]} Qxb6+ {[%clk 00:32:52]} {[%emt 00:00:11]}
50. Ka4 {[%clk 00:51:14]} {[%emt 00:00:12]} Qxa7+ {[%clk 00:33:08]} {[%emt
00:00:14]} 51. Kb4 {[%clk 00:51:34]} {[%emt 00:00:10]} Qb6+ {[%clk 00:33:10]}
{[%emt 00:00:28]} 52. Ka4 {[%clk 00:51:46]} {[%emt 00:00:17]} Kc5 {[%clk
00:33:25]} {[%emt 00:00:16]} 53. Ka3 {[%clk 00:51:59]} {[%emt 00:00:17]} Qb4+
{[%clk 00:33:38]} {[%emt 00:00:16]} 54. Ka2 {[%clk 00:52:19]} {[%emt 00:00:11]}
Qd2+ {[%clk 00:33:54]} {[%emt 00:00:14]} 55. Kb3 {[%clk 00:52:52]} {[%emt
00:00:29]} Qxd3+ {[%clk 00:34:26]} {[%emt 00:00:25]} 56. Ka4 {[%clk 00:53:06]}
{[%emt 00:00:16]} Qxc4+ {[%clk 00:34:27]} {[%emt 00:00:29]} 57. Ka3 {[%clk
00:53:18]} {[%emt 00:00:19]} Qb5 {[%clk 00:34:37]} {[%emt 00:00:19]} 58. Ka2
{[%clk 00:53:40]} {[%emt 00:00:08]} Kc4 {[%clk 00:34:56]} {[%emt 00:00:10]} 59.
Ka1 {[%clk 00:54:00]} {[%emt 00:00:10]} 0-1

[Event "DVM U12 2023"]
[Site "Magdeburg GER"]
[Date "2023.12.28"]
[Round "3"]
[White "Schröter, Juri"]
[Black "He, Fabian"]
[Result "0-1"]
[Termination "normal"]
[Board "9.4"]
[WhiteElo "974"]
[BlackElo "993"]
[WhiteClock "00:56:58"]
[BlackClock "01:18:35"]
[WhiteTeam "Schachzwerge Magdeburg"]
[BlackTeam "Karlsruher SF 1853"]
[PlyCount "120"]
[WhiteFideId "34684786"]
[BlackFideId "34681779"]
[EventCountry "GER"]
[EventRounds "7"]
[EventType "team-swiss"]
[EventDate "2023.12.26"]

1. e4 {[%clk 01:30:45]} {[%emt 00:00:14]} e5 {[%clk 01:30:53]} {[%emt
00:00:08]} 2. Nf3 {[%emt 00:00:08]} Nc6 {[%emt 00:00:12]} 3. Bc4 {[%clk
01:30:37]} {[%emt 00:00:18]} Bc5 {[%clk 01:31:01]} {[%emt 00:00:22]} 4. c3
{[%clk 01:30:47]} {[%emt 00:00:20]} Qf6 {[%clk 01:30:40]} {[%emt 00:00:51]} 5.
d4 {[%clk 01:28:41]} {[%emt 00:02:36]} exd4 {[%clk 01:30:38]} {[%emt 00:00:32]}
6. cxd4 {[%clk 01:28:44]} {[%emt 00:00:26]} Nxd4 {[%clk 01:30:54]} {[%emt
00:00:16]} 7. Be3 {[%clk 01:28:20]} {[%emt 00:00:52]} Nxf3+ {[%clk 01:24:53]}
{[%emt 00:06:32]} 8. Qxf3 {[%clk 01:26:51]} {[%emt 00:01:59]} Bb4+ {[%clk
01:24:19]} {[%emt 00:01:05]} 9. Nd2 {[%clk 01:25:54]} {[%emt 00:01:26]} Bxd2+
{[%clk 01:23:55]} {[%emt 00:00:52]} 10. Bxd2 {[%clk 01:26:03]} {[%emt
00:00:22]} Qxf3 {[%clk 01:24:13]} {[%emt 00:00:13]} 11. gxf3 {[%clk 01:25:57]}
{[%emt 00:00:36]} d6 {[%clk 01:24:28]} {[%emt 00:00:15]} 12. Bc3 {[%clk
01:26:10]} {[%emt 00:00:16]} f6 {[%clk 01:24:36]} {[%emt 00:00:24]} 13. Rg1
{[%clk 01:26:04]} {[%emt 00:00:36]} g6 {[%clk 01:23:30]} {[%emt 00:01:33]} 14.
O-O-O {[%clk 01:25:19]} {[%emt 00:01:17]} Ke7 {[%clk 01:20:44]} {[%emt
00:03:17]} 15. h4 {[%clk 01:23:45]} {[%emt 00:02:04]} Be6 {[%clk 01:20:06]}
{[%emt 00:01:08]} 16. Bd5 {[%clk 01:22:34]} {[%emt 00:01:40]} Bxd5 {[%clk
01:20:09]} {[%emt 00:00:28]} 17. exd5 {[%clk 01:22:37]} {[%emt 00:00:27]} Kf7
{[%clk 01:20:10]} {[%emt 00:00:28]} 18. Rde1 {[%clk 01:22:49]} {[%emt
00:00:18]} Re8 {[%clk 01:19:41]} {[%emt 00:00:59]} 19. Rxe8 {[%clk 01:22:36]}
{[%emt 00:00:43]} Kxe8 {[%clk 01:20:09]} {[%emt 00:00:01]} 20. Re1+ {[%clk
01:22:36]} {[%emt 00:00:31]} Ne7 {[%clk 01:19:40]} {[%emt 00:01:00]} 21. Bxf6
{[%clk 01:22:40]} {[%emt 00:00:25]} Kf7 {[%clk 01:19:46]} {[%emt 00:00:25]} 22.
Bxh8 {[%clk 01:22:37]} {[%emt 00:00:32]} Nxd5 {[%clk 01:20:02]} {[%emt
00:00:14]} 23. Bd4 {[%clk 01:22:20]} {[%emt 00:00:47]} c5 {[%clk 01:19:52]}
{[%emt 00:00:41]} 24. Be3 {[%clk 01:21:19]} {[%emt 00:01:30]} Nb4 {[%clk
01:19:57]} {[%emt 00:00:25]} 25. Rd1 {[%clk 01:21:30]} {[%emt 00:00:20]} Nxa2+
{[%clk 01:19:58]} {[%emt 00:00:29]} 26. Kc2 {[%clk 01:21:08]} {[%emt 00:00:51]}
Nb4+ {[%clk 01:20:07]} {[%emt 00:00:22]} 27. Kb3 {[%clk 01:20:50]} {[%emt
00:00:47]} Ke6 {[%clk 01:19:02]} {[%emt 00:01:36]} 28. Kc4 {[%clk 01:18:55]}
{[%emt 00:02:23]} b6 {[%clk 01:18:36]} {[%emt 00:00:58]} 29. Re1 {[%clk
01:15:35]} {[%emt 00:03:49]} d5+ {[%clk 01:18:37]} {[%emt 00:00:28]} 30. Kc3
{[%clk 01:13:39]} {[%emt 00:02:27]} Kf5 {[%clk 01:18:40]} {[%emt 00:00:28]} 31.
Bg5 {[%clk 01:10:59]} {[%emt 00:03:08]} d4+ {[%clk 01:18:19]} {[%emt 00:00:51]}
32. Kc4 {[%clk 01:10:55]} {[%emt 00:00:34]} a6 {[%clk 01:16:03]} {[%emt
00:02:46]} 33. Bd8 {[%clk 01:05:56]} {[%emt 00:05:29]} b5+ {[%clk 01:15:50]}
{[%emt 00:00:44]} 34. Kxc5 {[%clk 01:05:44]} {[%emt 00:00:41]} Nd3+ {[%clk
01:16:10]} {[%emt 00:00:11]} 35. Kxd4 {[%clk 01:05:18]} {[%emt 00:00:57]} Nxe1
{[%clk 01:16:27]} {[%emt 00:00:12]} 36. Kc5 {[%clk 01:05:22]} {[%emt 00:00:25]}
Nd3+ {[%clk 01:16:54]} {[%emt 00:00:52]} 37. Kd4 {[%clk 01:03:55]} {[%emt
00:02:08]} Nxf2 {[%clk 01:16:57]} {[%emt 00:00:27]} 38. Bg5 {[%clk 00:59:35]}
{[%emt 00:04:49]} Nd1 {[%clk 01:16:41]} {[%emt 00:00:47]} 39. b3 {[%clk
00:59:48]} {[%emt 00:00:17]} a5 {[%emt 00:00:40]} 40. Kd3 {[%clk 00:57:16]}
{[%emt 00:02:44]} Nf2+ {[%emt 00:00:53]} 41. Ke3 {[%emt 00:02:06]} Nh3 {[%clk
01:14:13]} {[%emt 00:00:21]} 42. f4 {[%clk 00:57:28]} {[%emt 00:00:17]} Nxg5
{[%clk 01:14:13]} {[%emt 00:00:31]} 43. hxg5 {[%clk 00:57:43]} {[%emt
00:00:14]} a4 {[%clk 01:14:26]} {[%emt 00:00:17]} 44. bxa4 {[%clk 00:57:34]}
{[%emt 00:00:39]} bxa4 {[%clk 01:14:43]} {[%emt 00:00:09]} 45. Kd2 {[%clk
00:58:01]} {[%emt 00:00:08]} Kxf4 {[%clk 01:14:50]} {[%emt 00:00:23]} 46. Kc2
{[%clk 00:57:43]} {[%emt 00:00:47]} Kxg5 {[%emt 00:00:05]} 47. Kb2 {[%emt
00:00:27]} h5 {[%clk 01:14:46]} {[%emt 00:00:02]} 48. Ka3 {[%clk 00:57:51]}
{[%emt 00:00:21]} h4 {[%clk 01:15:14]} {[%emt 00:00:02]} 49. Kxa4 {[%clk
00:58:00]} {[%emt 00:00:22]} h3 {[%clk 01:15:41]} {[%emt 00:00:03]} 50. Kb3
{[%clk 00:58:14]} {[%emt 00:00:15]} h2 {[%clk 01:16:00]} {[%emt 00:00:12]} 51.
Kc2 {[%emt 00:00:05]} h1=Q {[%emt 00:00:11]} 52. Kd2 {[%clk 00:58:08]} {[%emt
00:00:18]} Qe4 {[%clk 01:16:19]} {[%emt 00:00:11]} 53. Kc3 {[%clk 00:57:42]}
{[%emt 00:00:56]} Kf4 {[%clk 01:16:37]} {[%emt 00:00:12]} 54. Kd2 {[%clk
00:57:57]} {[%emt 00:00:13]} Kf3 {[%clk 01:16:59]} {[%emt 00:00:10]} 55. Kc3
{[%clk 00:58:19]} {[%emt 00:00:08]} Ke2 {[%clk 01:17:21]} {[%emt 00:00:08]} 56.
Kb3 {[%clk 00:58:26]} {[%emt 00:00:22]} Kd3 {[%clk 01:17:27]} {[%emt 00:00:25]}
57. Kb2 {[%clk 00:58:38]} {[%emt 00:00:17]} Qc4 {[%clk 01:17:41]} {[%emt
00:00:16]} 58. Ka3 {[%clk 00:58:56]} {[%emt 00:00:12]} Qb5 {[%clk 01:17:47]}
{[%emt 00:00:25]} 59. Ka2 {[%clk 00:57:32]} {[%emt 00:01:55]} Kc2 {[%clk
01:18:16]} {[%emt 00:00:01]} 60. Ka1 {[%clk 00:56:58]} {[%emt 00:01:02]} Qa5#
{[%clk 01:18:35]} {[%emt 00:00:11]} 0-1

[Event "DVM U12 2023"]
[Site "Magdeburg GER"]
[Date "2023.12.28"]
[Round "3"]
[White "Luccone, Constantin"]
[Black "Classen, Marnin"]
[Result "1/2-1/2"]
[Termination "normal"]
[Board "10.1"]
[WhiteElo "1377"]
[BlackElo "1383"]
[WhiteClock "00:40:51"]
[BlackClock "01:18:28"]
[WhiteTeam "SF Brackel 1930"]
[BlackTeam "SG Trier 1877"]
[PlyCount "84"]
[WhiteFideId "34634096"]
[BlackFideId "34623833"]
[EventCountry "GER"]
[EventRounds "7"]
[EventType "team-swiss"]
[EventDate "2023.12.26"]

1. e4 {[%clk 01:30:59]} {[%emt 00:00:01]} e6 {[%clk 01:30:56]} {[%emt
00:00:05]} 2. d4 {[%clk 01:31:22]} d5 {[%clk 01:31:22]} {[%emt 00:00:11]} 3.
Nd2 {[%emt 00:00:05]} Nf6 {[%clk 01:31:47]} {[%emt 00:00:04]} 4. e5 {[%clk
01:32:06]} {[%emt 00:00:12]} Nfd7 {[%clk 01:32:10]} {[%emt 00:00:07]} 5. f4
{[%clk 01:32:29]} {[%emt 00:00:07]} c5 {[%clk 01:32:35]} {[%emt 00:00:05]} 6.
c3 {[%clk 01:32:54]} {[%emt 00:00:05]} Nc6 {[%clk 01:33:01]} {[%emt 00:00:04]}
7. Ndf3 {[%clk 01:33:06]} {[%emt 00:00:18]} Qb6 {[%clk 01:33:23]} {[%emt
00:00:08]} 8. g3 {[%clk 01:33:18]} {[%emt 00:00:18]} Be7 {[%clk 01:33:47]}
{[%emt 00:00:06]} 9. Kf2 {[%clk 01:26:46]} {[%emt 00:07:02]} cxd4 {[%clk
01:33:49]} {[%emt 00:00:28]} 10. cxd4 {[%clk 01:27:03]} {[%emt 00:00:13]} f6
{[%clk 01:33:56]} {[%emt 00:00:23]} 11. Kg2 {[%clk 01:25:21]} {[%emt 00:02:12]}
O-O {[%clk 01:33:30]} {[%emt 00:00:56]} 12. Bd3 {[%clk 01:24:01]} {[%emt
00:01:50]} Kh8 {[%clk 01:32:32]} {[%emt 00:01:28]} 13. Bb1 {[%clk 01:24:12]}
{[%emt 00:00:20]} Rf7 {[%clk 01:26:07]} {[%emt 00:06:54]} 14. Qd3 {[%clk
01:01:15]} {[%emt 00:23:12]} Nf8 {[%clk 01:26:21]} {[%emt 00:00:31]} 15. Ne2
{[%clk 00:55:55]} {[%emt 00:05:51]} Nb4 {[%clk 01:25:57]} {[%emt 00:00:54]} 16.
Qd1 {[%clk 00:55:19]} {[%emt 00:00:57]} Nc6 {[%clk 01:26:14]} {[%emt 00:00:23]}
17. a3 {[%clk 00:55:23]} {[%emt 00:00:25]} Na5 {[%clk 01:26:00]} {[%emt
00:00:44]} 18. Bc2 {[%clk 00:55:09]} {[%emt 00:00:44]} Bd7 {[%clk 01:25:56]}
{[%emt 00:00:35]} 19. b4 {[%clk 00:45:20]} {[%emt 00:10:18]} Nc4 {[%clk
01:23:42]} {[%emt 00:02:44]} 20. Bb3 {[%clk 00:44:43]} {[%emt 00:01:07]} Rc8
{[%clk 01:23:14]} {[%emt 00:00:58]} 21. Bxc4 {[%clk 00:44:50]} {[%emt
00:00:24]} Rxc4 {[%clk 01:23:20]} {[%emt 00:00:24]} 22. Be3 {[%clk 00:42:37]}
{[%emt 00:02:43]} Ng6 {[%clk 01:22:09]} {[%emt 00:01:42]} 23. Rc1 {[%clk
00:42:37]} {[%emt 00:00:29]} Rxc1 {[%clk 01:21:32]} {[%emt 00:01:07]} 24. Qxc1
{[%clk 00:41:46]} {[%emt 00:01:14]} Rf8 {[%clk 01:21:38]} {[%emt 00:00:32]} 25.
Qb2 {[%clk 00:40:37]} {[%emt 00:01:36]} Rc8 {[%clk 01:20:11]} {[%emt 00:02:00]}
26. Rc1 {[%clk 00:40:59]} {[%emt 00:00:08]} Rc7 {[%clk 01:19:55]} {[%emt
00:00:46]} 27. Rxc7 {[%clk 00:40:12]} {[%emt 00:01:17]} Qxc7 {[%emt 00:00:25]}
28. Kf2 {[%clk 00:40:28]} {[%emt 00:00:10]} Kg8 {[%clk 01:20:22]} {[%emt
00:00:12]} 29. Qb3 {[%clk 00:39:58]} {[%emt 00:00:58]} a6 {[%clk 01:19:45]}
{[%emt 00:01:10]} 30. Qb2 {[%clk 00:40:19]} {[%emt 00:00:07]} Kf7 {[%clk
01:19:46]} {[%emt 00:00:31]} 31. Qb3 {[%clk 00:40:25]} {[%emt 00:00:23]} b5
{[%clk 01:19:59]} {[%emt 00:00:18]} 32. Qb2 {[%clk 00:40:35]} {[%emt 00:00:20]}
Qc6 {[%clk 01:20:06]} {[%emt 00:00:23]} 33. Qa2 {[%clk 00:40:02]} {[%emt
00:00:59]} Qc8 {[%clk 01:19:52]} {[%emt 00:00:47]} 34. Qb1 {[%clk 00:39:53]}
{[%emt 00:00:30]} Qc7 {[%clk 01:19:42]} {[%emt 00:00:50]} 35. Qb2 {[%clk
00:40:15]} {[%emt 00:00:07]} Qb6 {[%clk 01:20:05]} {[%emt 00:00:07]} 36. Qc2
{[%clk 00:40:00]} {[%emt 00:00:34]} Qb7 {[%clk 01:20:25]} {[%emt 00:00:20]} 37.
Qb3 {[%clk 00:40:18]} {[%emt 00:00:08]} Qa7 {[%clk 01:20:50]} {[%emt 00:00:09]}
38. Qc3 {[%clk 00:40:19]} {[%emt 00:00:08]} Qb8 {[%clk 01:21:14]} {[%emt
00:00:26]} 39. Qb2 {[%clk 00:40:36]} {[%emt 00:00:12]} Qd8 {[%clk 01:19:40]}
{[%emt 00:02:06]} 40. Qc3 {[%clk 00:40:53]} {[%emt 00:00:12]} Qb6 {[%clk
01:19:03]} {[%emt 00:01:08]} 41. Qd2 {[%clk 00:40:34]} {[%emt 00:00:37]} Qc6
{[%clk 01:18:28]} {[%emt 00:01:17]} 42. Qb2 {[%clk 00:40:51]} {[%emt 00:00:09]}
Qb7 {[%emt 00:06:00]} 1/2-1/2